000 00744cam a22002533a 4500
001 33132
003 PGUSA
005 20140828083721.0
008 100710s2010||||xxu|||||s|||||000 | eng d
040 _aPGUSA
_beng
042 _adc
050 4 _aQA
100 1 _aLaurent, H.
_q(Hermann),
_d1841-1908
245 1 0 _aSur les Principes Fondamentaux de la Théorie des Nombres et de la Géométrie
_h[electronic resource] /
_cH. Laurent
260 _bProject Gutenberg,
_c2010
506 _aPublic domain in the USA.
516 _aElectronic text
653 _aHyperspace
653 _aNumber theory
653 _aGeometry, Analytic
830 0 _aProject Gutenberg
_v33132
856 4 0 _uhttp://www.gutenberg.org/ebooks/33132
942 _cEB
999 _c262387
_d262387